The Black Album Tracklist (JAY-Z) - Statistics

General Stats
  • This quiz has been taken 12 times
  • The average score is 10 of 14
Answer Stats
Hint Answer % Correct
6 Dirt Off Your Shoulder
92%
1 Interlude
83%
10 Interlude
83%
5 Change Clothes
75%
2 December 4th
75%
4 Encore
75%
14 My 1st Song
75%
7 Threat
75%
9 99 Problems
67%
3 What More Can I Say
67%
12 Lucifer
58%
13 Allure
50%
11 Justify My Thug
50%
8 Moment Of Clarity
42%
No matching quizzes found
Score Distribution
Percent of People with Each Score
Percentile by Number Answered
Your Score History
You have not taken this quiz